La marcha de la locura (Record no. 47824)

MARC details
000 -LEADER
campo de control de longitud fija 00806nam a2200253 i 4500
001 - NÚMERO DE CONTROL
campo de control 47824
003 - IDENTIFICADOR DE NÚMERO DE CONTROL
campo de control ES-MaACL
005 - FECHA Y HORA DE LA ÚLTIMA TRANSACCIÓN
campo de control 20250815062601.0
007 - CAMPO FIJO DE DESCRIPCIÓN FÍSICA--INFORMACIÓN GENERAL
campo de control de longitud fija t|
008 - DATOS DE LONGITUD FIJA--INFORMACIÓN GENERAL
campo de control de longitud fija 030528s2001 mx ||||1| spa d
020 ## - NÚMERO INTERNACIONAL ESTÁNDAR DEL LIBRO
Número Internacional Estándar del Libro 968-16-3155-2
080 ## - NÚMERO DE LA CLASIFICACIÓN DECIMAL UNIVERSAL
Número de la Clasificación Decimal Universal 930.9
100 1# - ENTRADA PRINCIPAL--NOMBRE DE PERSONA
Nombre de persona Tuchman, Barbara Wertheim (
Fechas asociadas al nombre 1912-1989)
9 (RLIN) 111624
245 13 - MENCIÓN DEL TÍTULO
Título La marcha de la locura
Resto del título : la sinrazón desde Troya hasta Vietnam /
Mención de responsabilidad, etc. Barbara W. Tuchman.
250 ## - MENCION DE EDICION
Mención de edición 1ª ed., 1ª reimp.
260 ## - PUBLICACIÓN, DISTRIBUCIÓN, ETC.
Lugar de publicación, distribución, etc. México :
Nombre del editor, distribuidor, etc. Fondo de Cultura Económica,
Fecha de publicación, distribución, etc. 2001.
300 ## - DESCRIPCIÓN FÍSICA
Extensión 368 p., [32] p. de lám. ;
Dimensiones 24 cm.
490 1# - MENCIÓN DE SERIE
Mención de serie Sección de obras de historia
650 00 - PUNTO DE ACCESO ADICIONAL DE MATERIA--TÉRMINO DE MATERIA
Término de materia o nombre geográfico como elemento de entrada Poder.
9 (RLIN) 16144
650 #7 - PUNTO DE ACCESO ADICIONAL DE MATERIA--TÉRMINO DE MATERIA
Término de materia o nombre geográfico como elemento de entrada Historia universal
Fuente del encabezamiento o término embne
9 (RLIN) 13429
830 1# - PUNTO DE ACCESO ADICIONAL DE SERIE-TÍTULO UNIFORME
Título uniforme Sección de obras de historia
9 (RLIN) 179403
852 ## - LOCALIZACIÓN
Ubicación ES-MaACL
Número de control de estantería L-26405
Holdings
Estatus retirado Estado de pérdida Estado de daño No para préstamo Biblioteca de origen Biblioteca actual Ubicación en estantería Fecha de adquisición Fuente de adquisición Total de préstamos Signatura topográfica completa Código de barras Visto por última vez Precio de reemplazo Tipo de ítem Koha
        Biblioteca del Ateneo de Madrid Biblioteca del Ateneo de Madrid Depósito 2 17/01/2008     L-26405 1050328 23/02/2023 23/02/2023 Libro impreso